000
00273 a2200121 4500
005
20250625133451.0
020
_a
978-0-19-838696-4
082
_a
302 OCR
245
_a
OCR
260
_a
New York
_b
Oxford University Press
_c
1992
300
_a
vii,159p.
_c
24cm
942
_2
ddc
_c
BKS
999
_c
5085
_d
5085